Estadísticas para Países por Bandera y Forma #4

Haz click aquí para tomar la prueba!

Estadísticas generales

  • Esta prueba ha sido tomada 2.126 veces
  • La puntuación promedio es 13 de 16

Estadísticas de respuestas

Respuesta% Correcto
Francia
100%
Suecia
98%
Jamaica
97%
Chile
95%
Marruecos
94%
Rumania
91%
Albania
90%
Indonesia
87%
Singapur
78%
Armenia
77%
Tanzania
74%
Uzbekistán
71%
Palaos
68%
Suazilandia
64%
Burundi
61%
Islas Salomón
53%

Distribución de puntuación

Porcentaje por número respondido

Porcentaje de gente con cada puntuación

Historial de tus puntuaciones

No has tomado esta prueba